Formula One Podium Sitters in the 2020s - Statistics

General Stats
  • This quiz has been taken 27 times
  • The average score is 19 of 19
Answer Stats
Podiums Teams Nationality Answer % Correct
26 McLarenFerrari Williams Spanish Carlos Sainz
100%
39 Ferrari Monegasque Charles Leclerc
100%
9 AlpineAston Martin Spanish Fernando Alonso
100%
23 WilliamsMercedes British George Russell
100%
2 Racing Point Canadian Lance Stroll
100%
42 McLaren British Lando Norris
100%
51 Mercedes British Lewis Hamilton
100%
92 Red Bull Dutch Max Verstappen
100%
1 Sauber German Nico Hulkenberg
100%
24 McLaren Australian Oscar Piastri
100%
4 Alpha TauriAlpine French Pierre Gasly
100%
31 Racing PointRed Bull Mexican Sergio Perez
100%
22 Mercedes Finnish Valtteri Bottas
100%
2 Red Bull Thai Alexander Albon
96%
3 RenaultMcLaren Australian Daniel Ricciardo
96%
1 Racing Bulls French Isack Hadjar
96%
1 Mercedes Italian Kimi Antonelli
92%
2 FerrariAston Martin German Sebastian Vettel
92%
4 RenaultAlpine French Esteban Ocon
88%
No matching quizzes found
Score Distribution
Percent of People with Each Score
Percentile by Number Answered
Your Score History
You have not taken this quiz